000 00887nam a22002652 4500
001 4687
003 BD-RjUL
005 20211208233934.0
008 131223s1948 ne 000 0 lat
035 _aOCLC ocm03086525 from D980112M
_a(BD-RjUL)4722
040 _aDLC
_cVTU
_dEQO
_dBD-RjUL
_beng
041 _aeng
082 0 4 _218
_a340
_bGRD 1948
100 1 _aGrotius, Hugo,
_d1583-1645.
_914775
245 1 0 _aDe iure belli ac pacis :
_ban extract /
_cby B. M. Telders; ed. by J. Barents and A.J.S. Douma. With a pref. by W. J. M. van Eysings.
260 _aThe Hague :
_bM. Nijhoff,
_c1948.
300 _axvi, 195 p. ;
_c25 cm.
500 _aText in Latin.
650 0 _aInternational law.
_914776
650 0 _aWar (International law).
_911137
700 1 _aTelders, B. M.
_q(Benjamin Marius),
_d1903-1945.
_914777
942 _2ddc
_cBK
999 _c4687
_d4687